CRIMINOLOGIA /

TRADUCCION DE: CRIMINOLOGY

Guardado en:
Bibliografiske detaljer
Hovedforfatter: Hurwitz, Stephan (autor)
Format: Bog
Fag:
Tags: Tilføj Tag
Ingen Tags, Vær først til at tagge denne postø!

MARC

LEADER 00000nam^a2200000^a^4500
001 000232904
005 20250521000000.0
009 20260310104621.045
035 |a 052923 
037 |a Acervo Xavier Clavigero 
082 |a 364.  |b HUR 
100 |a Hurwitz, Stephan  |e (autor) 
245 1 0 |a CRIMINOLOGIA /  |c STEPHAN HURWITZ ; TR. F. HARO GARCIA 
264 |a BARCELONA :  |b ARIEL,  |c 1956 
300 |a 471 p. 
336 |a texto  |b txt  |2 rdacontenido 
337 |a sin mediación  |b n  |2 rdamedio 
338 |a volumen  |b nc  |2 rdasoporte 
520 |a TRADUCCION DE: CRIMINOLOGY 
520 |a INDICE 
649 |a XX 
650 |a Criminología 
910 |a Fondo General 
920 |a Impresos - Libros 
930 |a Colección General 
905 |a 101 
901 |a 052923  |b IT1  |c ACC  |i 052923  |u 20250521 
902 |a https://opac.biblio.iteso.mx/vufind/Record/000232904